Evolution of debt sustainability analysis in low-income countries (Record no. 51436)
[ view plain ]
| 000 -LEADER | |
|---|---|
| fixed length control field | 01294nam a2200313Ia 4500 |
| 100 1# - MAIN ENTRY--AUTHOR NAME | |
| Personal name | Baduel, Benedicte. |
| 245 10 - TITLE STATEMENT | |
| Title | Evolution of debt sustainability analysis in low-income countries |
| 260 ## - PUBLICATION, DISTRIBUTION, ETC. (IMPRINT) | |
| Place of publication | Washington, DC : |
| Name of publisher | International Monetary Fund, |
| Year of publication | 2012. |
| 300 ## - PHYSICAL DESCRIPTION | |
| Number of Pages | 33 p. : |
| Other physical details | ill. |
| 490 0# - SERIES STATEMENT | |
| Series statement | IMF working paper ; |
| 650 #0 - SUBJECT ADDED ENTRY--TOPICAL TERM | |
| Topical Term | Debts, Public |
| Topical Term | Debts, Public |
| 700 1# - ADDED ENTRY--PERSONAL NAME | |
| Personal name | Price, Robert. |
| 856 40 - ELECTRONIC LOCATION AND ACCESS | |
| Uniform Resource Identifier | http://site.ebrary.com/lib/rucke/Doc?id=10627028 |
No items available.
